| 000 | 00497nam a2200169Ia 4500 | ||
|---|---|---|---|
| 003 | OSt | ||
| 005 | 20201216111012.0 | ||
| 008 | 190216s9999||||xx |||||||||||||| ||und|| | ||
| 040 | _coclc | ||
| 082 |
_a954.040924 _bGAN/T |
||
| 100 |
_aGandhi, Indira _92693 |
||
| 245 | 4 |
_aThe Spirit Of India / _cIndira Gandhi |
|
| 260 |
_bAsia Publishing House, _c1975. _aBombay: |
||
| 300 | _a755p | ||
| 650 | _aSpirit Of India | ||
| 942 |
_cREF _2ddc _h954.040924 _iGAN/T _k954.040924 _mGAN/T |
||
| 999 |
_c35332 _d35332 |
||